| 000 -LEADER |
| fixed length control field |
00966cam a2200241 i 4500 |
| 001 - CONTROL NUMBER |
| control field |
19138007 |
| 005 - DATE AND TIME OF LATEST TRANSACTION |
| control field |
20221107113803.0 |
| 008 - FIXED-LENGTH DATA ELEMENTS--GENERAL INFORMATION |
| fixed length control field |
160616s2016 nyua b 001 0 eng c |
| 010 ## - LIBRARY OF CONGRESS CONTROL NUMBER |
| LC control number |
2016944807 |
| 020 ## - INTERNATIONAL STANDARD BOOK NUMBER |
| International Standard Book Number |
9781493927876 1 |
| 041 ## - LANGUAGE CODE |
| Language code of text/sound track or separate title |
eng |
| 080 ## - UNIVERSAL DECIMAL CLASSIFICATION NUMBER |
| Universal Decimal Classification number |
616.28-053.2 P-36 |
| 245 00 - TITLE STATEMENT |
| Title |
Pediatric cochlear implantation : |
| Remainder of title |
learning and the brain / |
| Statement of responsibility, etc. |
Nancy M. Young, Karen Iler Kirk, editors. |
| 264 #1 - PRODUCTION, PUBLICATION, DISTRIBUTION, MANUFACTURE, AND COPYRIGHT NOTICE |
| Place of production, publication, distribution, manufacture |
New York : |
| Name of producer, publisher, distributor, manufacturer |
Springer, |
| Date of production, publication, distribution, manufacture, or copyright notice |
[2016]. |
| 300 ## - PHYSICAL DESCRIPTION |
| Extent |
365 pages : |
| Other physical details |
illustrations (some color) ; |
| Dimensions |
29 cm. |
| 653 ## - INDEX TERM--UNCONTROLLED |
| keyword |
პედიატრიული კოხლეარული იმპლანტაცია |
| 653 ## - INDEX TERM--UNCONTROLLED |
| keyword |
პედიატრია |
| 653 ## - INDEX TERM--UNCONTROLLED |
| keyword |
მედიცინა |
| 653 ## - INDEX TERM--UNCONTROLLED |
| keyword |
სმენის დაქვეითებული ბავშვები |
| 700 1# - ADDED ENTRY--PERSONAL NAME |
| Personal name |
Young, Nancy M., |
| Relator term |
რედაქრორი |
| 9 (RLIN) |
10645 |
| 700 1# - ADDED ENTRY--PERSONAL NAME |
| Personal name |
Kirk, Karen Iler, |
| Relator term |
რედაქრორი |
| 9 (RLIN) |
10646 |
| 942 ## - ADDED ENTRY ELEMENTS (KOHA) |
| Source of classification or shelving scheme |
|
| Koha item type |
წიგნი |